New Zealand Flowers by Pictures - Statistics

General Stats
  • This quiz has been taken 50 times
    47 since last reset
  • The average score is 4 of 16
Answer Stats
Picture Answer % Correct
Pōhutukawa
81%
Kōwhai
70%
Mānuka
57%
New Zealand Flax (Harakeke)
51%
Kākābeak
24%
Tree Fuchsia (Kōtukutuku)
22%
Hebe (Koromiko)
19%
Chatham Island Forgetmenot (Kopakopa)
16%
Rock Lily (Rengarenga)
14%
Clematis Paniculata (Puawhananga)
11%
Native Hibiscus
11%
Corokia
8%
Marlborough Rock Daisy
8%
Mount Cook Buttercup
8%
Poor Knights Lily
8%
Mountain Flax (Wharariki)
3%
No matching quizzes found
Score Distribution
Percent of People with Each Score
Percentile by Number Answered
Your Score History
You have not taken this quiz since the last reset